LIBRARY & INFORMATION CENTRE, KCAET, TAVANUR

ONLINE PUBLIC ACCESS CATALOGUE (OPAC)

Using micro-computers: tutorials for dbase lll + wordstar and 1-2-3 / (Record no. 9573)

MARC details
000 -LEADER
fixed length control field 00564cam a2200193ua 4500
020 ## - INTERNATIONAL STANDARD BOOK NUMBER
ISBN 81 86340 22 x
041 ## - LANGUAGE CODE
Language code of text/sound track or separate title eng
082 ## - DEWEY DECIMAL CLASSIFICATION NUMBER
Classification number 004.16
Item number BRI/US
100 ## - MAIN ENTRY--AUTHOR NAME
Personal name Brightman, Richard W .
245 ## - TITLE STATEMENT
Title Using micro-computers: tutorials for dbase lll + wordstar and 1-2-3 /
250 ## - EDITION STATEMENT
Edition statement 1 /
260 ## - PUBLICATION, DISTRIBUTION, ETC. (IMPRINT)
Place of publication Newdelhi :
Name of publisher Galgolia publications pvt ltd ,
Year of publication 1994.
300 ## - PHYSICAL DESCRIPTION
Number of Pages 266 ; .
700 1# - ADDED ENTRY--PERSONAL NAME
Personal name Dimsdale, Jeffrey M .
942 ## - ADDED ENTRY ELEMENTS (KOHA)
Koha item type Books
Holdings
Withdrawn status Lost status Damaged status Home library Current library Date acquired Full call number Accession Number Koha item type
      KAUAET KAUAET 07/04/2012 004.16 18536 Books
free website counter